000 01435nam a2200385Ia 4500
001 ocn706137037
003 OCoLC
005 20241220130528.0
008 110308s2011 utu 000 1 eng d
040 _aUPZ
_cUPZ
_dUINTA
020 _a9781608611935 (trade pbk.)
020 _a1608611930 (trade pbk.)
035 _a(OCoLC)706137037
050 4 _aPS3566.O812
_bV46 2011
082 0 4 _a813/.54
_222
049 _aUCLB
092 _aPOULSON
100 1 _aPoulson, Clair.
_940583
245 1 0 _aVengeance :
_ba novel /
_cClair M. Poulson.
260 _aAmerican Fork, Utah :
_bCovenant Communications,
_cc2011.
300 _a261 p. ;
_c23 cm.
520 _aTen years earlier eight year-old Aubree Lansing testified against Stone Lansing--a man she called "daddy"-- in a murder trial that led to a hefty prison sentence for Lansing. Now Lansing is out of prison, and he's looking for the daughter whose words sent him there.
650 0 _aWitnesses
_vFiction.
_95678550
650 0 _aMormons
_vFiction.
_95674350
650 0 _aRich people
_vFiction.
_95678551
650 0 _aTrials (Murder)
_vFiction.
_95673813
650 0 _aJudicial error
_vFiction.
_95676057
650 0 _aFathers and daughters
_vFiction.
_95673846
650 0 _aRevenge
_vFiction.
_95673795
655 7 _aMystery fiction.
_2gsafd
_96219632
655 7 _aSuspense fiction.
_2gsafd
_96219633
942 _cBOOK
_0105
994 _aC0
_bUINTA
998 _aa142029
999 _c75878
_d75878